SP.NET AJAX programmer’s reference with ASP.NET 2.0 or ASP.NET 3.5

ASP.NET programmers are familiar with the rich server-side programming in the ASP.NET/.NET Framework. ASP.NET AJAX adds many similar client-side features giving ASP.NET developers a feature-rich client-side framework for the first time. This book explains how ASP.NET AJAX simulates many of the rich...

全面介紹

Đã lưu trong:
書目詳細資料
主要作者: Khosravi, Shahram
格式: 圖書
語言:Undetermined
出版: Indianapolis, IN Wrox/Wiley Pub. 2007
主題:
標簽: 添加標簽
沒有標簽, 成為第一個標記此記錄!
Thư viện lưu trữ: Trung tâm Học liệu Trường Đại học Cần Thơ
LEADER 01515nam a2200205Ia 4500
001 CTU_164222
008 210402s9999 xx 000 0 und d
020 |c 59.99 
082 |a 005.276 
082 |b K45 
100 |a Khosravi, Shahram 
245 0 |a SP.NET AJAX programmer’s reference with ASP.NET 2.0 or ASP.NET 3.5 
245 0 |c Shahram Khosravi 
260 |a Indianapolis, IN 
260 |b Wrox/Wiley Pub. 
260 |c 2007 
520 |a ASP.NET programmers are familiar with the rich server-side programming in the ASP.NET/.NET Framework. ASP.NET AJAX adds many similar client-side features giving ASP.NET developers a feature-rich client-side framework for the first time. This book explains how ASP.NET AJAX simulates many of the rich programming features of the ASP.NET/.NET Framework on the client side. Packed with extensive real-world examples, in-depth descriptions, and code walkthroughs—all tested with both ASP.NET 2.0 and ASP.NET 3.5—this book provides thorough coverage of both the ASP.NET AJAX client-side and server-side frameworks. You'll learn how these frameworks harmonize to meetyour AJAX-enabled application needs. This hands-on approach gives you the skills and knowledge you need to develop real ASP.NET AJAX applications 
650 |a Internet programming,Web site development,Ajax (Web site development technology),Trình duyệt web,Sự phát triển của trang web,Microsoft .NET 
910 |a Nguyên 
980 |a Trung tâm Học liệu Trường Đại học Cần Thơ